00782 2200205 4500001002100000005001700021008004100038035002500079040001200104082001200116084001500128245024100143260004400384300003100428500004900459650001500508700002300523850001200546990001800558INLIS00000000000937920150810091857.0  a0010-081500000000817 aYOPDYOG 223a650 aSK 650 Lap aLAPORAN akhir KKN tematik kewirausahaan Universitas Atma Jaya Yogyakarta semester pendek T.A. 2009/2010b: (Kelompok pendampingan kuliner 3 pengembangan makanan ringan tradisional sebagai oleh-oleh)c/ Angghie Ariestiyananda P. [et.all] aYogyakartabUniversitas Atma Jayac2010 avii, 31 lembarc; 29,5 cm. aLaporan KKN Universitas Atma Jaya Yogyakarta aWiraswasta aWIWIK Sunarni, Ch. aYOPDYOG a47627-PD/A.15